[Event "Petroupoli ASOP Dias op"]
[Site "Petroupoli"]
[Date "2014.03.05"]
[Round "2.12"]
[White "Tsagkaropoulos, Spyridon"]
[Black "Liargkovas, Dimitrios"]
[Result "1/2-1/2"]
[WhiteElo "2029"]
[BlackElo "1933"]
[PlyCount "90"]
[EventDate "2014.02.26"]
[EventType "swiss"]
[EventRounds "7"]
[EventCountry "GRE"]
[SourceTitle "EXT 2024"]
[Source "ChessBase"]
[SourceDate "2023.10.10"]
[SourceVersion "1"]
[SourceVersionDate "2023.10.10"]
[SourceQuality "1"]

1. e4 c5 2. Nf3 d6 3. d4 cxd4 4. Nxd4 g6 5. c4 Bg7 6. Be3 Nf6 7. f3 Nc6 8. Qd2 Nxd4 9. Bxd4 0-0 10. Nc3 a6 11. Be2 Qa5 12. 0-0 Be6 13. Rfd1 Qc7 14. Rac1 Rfc8 15. Be3 Rab8 16. Ba7 Ra8 17. Be3 Rab8 18. b4 Nd7 19. Nd5 Bxd5 20. cxd5 Qd8 21. a4 Rxc1 22. Rxc1 Rc8 23. a5 Rc7 24. Kf2 Qc8 25. Rxc7 Qxc7 26. Bd4 Bxd4+ 27. Qxd4 Qc2 28. Qc4 Qxc4 29. Bxc4 Kg7 30. Ke3 f5 31. Kd4 fxe4 32. fxe4 Kf6 33. Be2 Kg5 34. g3 Ne5 35. h4+ Kf6 36. Bf1 g5 37. hxg5+ Kxg5 38. Bh3 Ng4 39. Bg2 Ne5 40. Bh3 Ng4 41. Bf1 Ne5 42. Be2 h6 43. Ke3 h5 44. Bd1 Nc4+ 45. Kd4 Ne5 1/2-1/2

[Event "Pirgou Sphlios op 2nd"]
[Site "Greece"]
[Date "2007.08.18"]
[Round "6"]
[White "Liargkovas, Dimitrios"]
[Black "Andreou, Andreas"]
[Result "0-1"]
[WhiteElo "1555"]
[BlackElo "2125"]
[PlyCount "74"]
[EventDate "2007.08.16"]
[EventType "swiss"]
[EventRounds "7"]
[EventCountry "GRE"]
[SourceTitle "EXT 2008"]
[Source "ChessBase"]
[SourceDate "2007.11.25"]
[SourceVersion "1"]
[SourceVersionDate "2007.11.25"]
[SourceQuality "1"]

1. d4 Nf6 2. c4 g6 3. Nc3 Bg7 4. e4 d6 5. f3 0-0 6. Bg5 c5 7. Nge2 Nc6 8. d5 Ne5 9. Ng3 h6 10. Be3 e6 11. Qd2 exd5 12. exd5 Re8 13. Be2 h5 14. 0-0 Nh7 15. Kh1 f5 16. Rfe1 Bd7 17. Rab1 b6 18. a3 Rc8 19. b3 Qf6 20. Nd1 Re7 21. Nf2 Rce8 22. Nf1 Nf7 23. Bd3 f4 24. Ne4 Rxe4 25. Bxe4 fxe3 26. Nxe3 Nhg5 27. Bc2 h4 28. Nf1 Rxe1 29. Rxe1 h3 30. Be4 Nxe4 31. Rxe4 Ng5 32. Re3 Qa1 33. Re1 hxg2+ 34. Kxg2 Bh3+ 35. Kg3 Be5+ 36. f4 Bxf4+ 37. Kh4 Qh8# 0-1